00000000nam##2200000za#4500
0019.576750
003CaOODSP
00520210624185304
007cr |||||||||||
008150406|2001||||xxc|||||o    f|0| 0 eng|d
040 |aCaOODSP|beng
043 |an-cn---
0861 |aHS23-2/2-2001E-PDF
1101 |aCanada. |bHuman Resources Development Canada.
24510|aMinimum wages|h[electronic resource]
260 |aOttawa - Ontario : |bHuman Resources Development Canada
300 |a2p.
4901 |aInformation on labour standards|v2, 2001
500 |aIncorrect catalogue number and ISBN appear in the electronic version.
590 |a13-15-Supp|b2013-06-24
77508|tSalaire minimum|w(CaOODSP)9.605743
830#0|aInformation on labour standards ;|v2, 2001|w(CaOODSP)9.507120
85640|ahttp://publications.gc.ca|qPDF|s29 KB|uhttps://publications.gc.ca/collections/Collection/MP43-345-2-2001E.pdf|y2, 2001